Счастье не приходит дважды: роман

Dades bibliogràfiques
Autor principal: Моспан Т. Татьяна
Sumari:После смерти бабушки Тамара становится владелицей квартиры, дачи и антиквариата. Но кто бы мог подумать, что в одной из полученных по наследству картин спрятаны рисунки самого Рембрандта? И пока героиня, не подозревающая о том, что владеет миллионами, переживает разрыв с очередным любовником, на сцене появляется иностранец, давно и упорно ищущий картину. Кто из них имеет право на сокровище? Ответ придется искать в событиях полувековой давности...
Idioma:rus
Publicat: Москва, Астрель, 2009
Col·lecció:Русский романс-2
Matèries:
Format: MixedMaterials Llibre
KOHA link:https://koha.lib.tpu.ru/cgi-bin/koha/opac-detail.pl?biblionumber=168579

MARC

LEADER 00000n m0a2200000 4500
001 168579
005 20231031163140.0
010 |a 9785271160950 
010 |a 978-5-17-0576920 
035 |a (RuTPU)RU\TPU\book\182895 
090 |a 168579 
100 |a 20091029d2009 m y0rusy50 ca 
101 0 |a rus 
102 |a RU 
105 |a y z 000ay 
200 1 |a Счастье не приходит дважды  |e роман  |f Т. Моспан 
210 |a Москва  |c Астрель  |c АСТ  |d 2009 
215 |a 317 с. 
225 1 |a Русский романс-2 
330 |a После смерти бабушки Тамара становится владелицей квартиры, дачи и антиквариата. Но кто бы мог подумать, что в одной из полученных по наследству картин спрятаны рисунки самого Рембрандта? И пока героиня, не подозревающая о том, что владеет миллионами, переживает разрыв с очередным любовником, на сцене появляется иностранец, давно и упорно ищущий картину. Кто из них имеет право на сокровище? Ответ придется искать в событиях полувековой давности... 
610 1 |a русская литература 
610 1 |a романы 
610 1 |a любовь 
675 |a Р2  |v 3 
700 1 |a Моспан  |b Т.  |g Татьяна 
801 1 |a RU  |b 63413507  |c 20091029 
801 2 |a RU  |b 63413507  |c 20091110  |g RCR 
942 |c BK